000 00211 a2200097 4500
001 22581
100 _aForster, M B
245 _aMaster of Political Thought
260 _a
_bHarrap
_c1961
090 _c15239
_d15239
942 _aNUST-CAE
_cM
_c5824
999 _c257654
_d257654